| 000 | 00756cam a2200193ua 4500 | ||
|---|---|---|---|
| 020 | _c25.00 | ||
| 041 |
_aeng _h |
||
| 082 |
_a028.74631 _bMIN/RE |
||
| 110 | 1 |
_aMinistry of irrigation and power . _b _c() |
|
| 245 |
_aReport of the irrigation commission vol-1 / _cMinistry of irrigation and power. _hTextual Documents |
||
| 250 |
_a1 / _b. |
||
| 260 |
_a : _bMinistry of irrigation&power , _c1972. |
||
| 300 | _a430 ; . | ||
| 365 | _a25.00 | ||
| 500 | _a** Reference | ||
| 504 | _a | ||
| 942 | _cBK | ||
| 999 |
_c6750 _d6750 |
||